000
00306nam a2200133Ia 4500
005
20251222141803.0
008
251222s9999||||xx |||||||||||||| ||spa||
020
_a
968-18-5913-8
082
_a
658/S29
100
_a
Schermerhorn Jr., John R.
245
0
_a
Administración
264
_b
Limusa
942
_c
LIB
999
_c
6208
_d
6208